01419nam2a22002891 4500001001100000005001700011021001900028035002600047100004100073101000800114102000700122105001800129200017200147210001800319215001100337300003900348320004800387320007400435461030100509532016400810702003000974702003401004702003201038801001801070801002201088852001901110rc\347109720250610021324.0 aRUb[75-91544] a(NLR Aleph) 007640469 a20130115d1975 |||y0rusy50 ca0 arus aRU ay z |||||1 aФизико-химическая характеристика нефтей СССРf[Сост. Дриацкая З.В., Мхчиян М.А., Жмыхова Н.М.] d1975aБ. м. a87 с. aИзд. выходит с 1971 г. aАлф. указ. нефтей: с. 81-87 aСписки лит.: с. 6-7 (30 назв.) и с. 80 (21 назв.) 01001rc\347109212001#$aНефти СССР$eСправочник$eВ 4 т.$fРед. З.В. Дриацкая [и др.]. Т. 1-$vДоп. томcМоскваd1971-fРед. З.В. Дриацкая [и др.]. Т. 1-nХимияoСправочник : В 4 т.tНефти СССРvДоп. том12aФизико-химическая характеристика нефтей Союза Советских Социалистических Республик 1aМхчиянbМ.А.4220 1aДриацкаяbЗ.В.4220 1aЖмыховаbН.М.4220 0aRUbNLRgpsbo 1aRUbELAR2rusmarc aNLRj71-5/3969